| 000 | 00893nam a2200253 i 4500 | ||
|---|---|---|---|
| 005 | 20230717162906.0 | ||
| 008 | 230717t20032003my g 000 0 may d | ||
| 020 |
_a9789679933994 _qpaperback _cRM10.00 (Hadiah) |
||
| 040 |
_aPPAK _beng _cPPAK _erda |
||
| 082 | 0 | 4 |
_223 _a352.409595 |
| 090 | 0 | 0 |
_a352.409595 _bPEN _dG |
| 245 | 0 | 0 |
_aPENGURUSAN KEWANGAN : _bPANDUAN UNTUK PENGURUS-PENGURUS SEKTOR AWAM |
| 264 | 1 |
_aKuala Lumpur : _bInstitut Tadbiran Awam Negara (INTAN), _c2003 |
|
| 264 | 4 | _c©2003 | |
| 300 |
_axi, 87 pages ; _c21 cm |
||
| 336 |
_atext _2rdacontent |
||
| 337 |
_aunmediated _2rdamedia |
||
| 338 |
_avolume _2rdacarrier |
||
| 500 | _aBahan Hadiah | ||
| 504 | _aBibliography : page 87 | ||
| 650 | 1 | 0 |
_aFinance, Public _zMalaysia _vHandbooks, manuals, etc. |
| 650 | 2 | 0 |
_aPublic administration _zMalaysia _vHandbooks, manuals, etc. |
| 942 |
_2ddc _cB |
||
| 999 |
_c192535 _d192535 |
||